000
00275nam a2200109Ia 4500
008
200302s9999 xx 000 0 und d
100
_a
Matthew Frederick
245
_a
101 Things I Learned in Architecture School
260
_b
The Mit Press
260
_c
2007
300
_a
101 P.,
999
_c
2747
_d
2747